| 000 | 00582nam a22001817a 4500 | ||
|---|---|---|---|
| 005 | 20140917110558.0 | ||
| 010 | _aENG-110878 | ||
| 020 |
_a9789351431633 _c295.00 |
||
| 035 | _aEN-94410 | ||
| 037 | _bDBAD/PUB | ||
| 082 | _a343.5409944 | ||
| 100 | _aTiwari, Garima | ||
| 245 |
_aUnderstanding laws : _cby Garima Tiwari _bcyber laws and cyber crimes / |
||
| 260 |
_aGurgaon _bLexis Nexis _c2014 |
||
| 270 |
_a14th Floor, Building No.10, Tower-B, DLF Cyber City, Phase-II _bGurgaon _e122002 |
||
| 300 |
_axii,162p. _c22cm(pbk) |
||
| 942 |
_2ddc _cEN _mTIW _h343.5409944 |
||
| 999 |
_c88710 _d88710 |
||